Klasifikácia internacionalizácie podnikových aktivít

Internacionalizácia podnikateľských aktivít. Medzinárodná expanzia podnikateľských subjektov. Možnosti vstupu podniku do medzinárodného prostredia. Medzinárodná stratégia, multinacionálna stratégia, globálna stratégia, transnacionálna stratégia. Medzinárodná marketingová orientácia podniku - etnocen...

Descripción completa

Guardado en:
Detalles Bibliográficos
Autor principal: Gofusová, Katarína, 1977-
Formato: Capítulo de libro
Lenguaje:eslovaco
Materias:
Etiquetas: Agregar Etiqueta
Sin Etiquetas, Sea el primero en etiquetar este registro!

MARC

LEADER 00000naa$a2200000$$$4500
001 0050996
005 20240502083135.0
041 0 |a slo 
044 |a UA 
245 1 0 |a Klasifikácia internacionalizácie podnikových aktivít  |c Katarína Gofusová 
520 |a Internacionalizácia podnikateľských aktivít. Medzinárodná expanzia podnikateľských subjektov. Možnosti vstupu podniku do medzinárodného prostredia. Medzinárodná stratégia, multinacionálna stratégia, globálna stratégia, transnacionálna stratégia. Medzinárodná marketingová orientácia podniku - etnocentrizmus, polycentrizmus, geocentrizmus. 
610 2 0 |a internacionalizácia 
610 2 0 |a podnik 
610 2 0 |a stratégia podniková 
610 2 0 |a globalizácia 
610 2 0 |a spoločnosti nadnárodné 
100 1 |a Gofusová, Katarína, 1977-